Football : surnoms de joueurs - Statistiques

Statistiques générales
  • Ce quiz a été pris 410 fois
  • Le résultat moyen est 16 sur 30
Statistiques - réponses
Surnom Joueur % Correct
CR7 Cristiano Ronaldo
97%
KB9 Karim Benzema
94%
La Pulga Leo Messi
94%
El Matador Edinson Cavani
89%
Ibracadabra Zlatan Ibrahimovic
86%
Trezegoal David Trezeguet
79%
Super Mario Mario Balotelli
77%
Dugachy Cristophe Dugarry
72%
The Special One José Mourinho
66%
Le Divin Chauve Fabien Barthez
59%
Le Hollandais Volant Johan Cruyff
59%
Der bomber Gerd Muller
58%
El Tigre Radamel Falcao
58%
SuperPippo Filippo Inzaghi
55%
Der Kaiser Franz Beckenbauer
54%
Big Mac André-Pierre Gignac
52%
Scarface Frank Ribéry
50%
El Cholo Diego Simeone
49%
El Fideo Angel Di Maria
44%
El Flaco Javier Pastore
44%
Batigol Gabriel Batistuta
43%
Petit Vélo Mathieu Valbuena
40%
Le Président Laurent Blanc
39%
O Monstro Thiago Silva
36%
Le Hollandais Non Volant Dennis Bergkamp
30%
L'aigle des Acores Pedro Miguel Pauleta
30%
Il Capitano Francesco Totti
23%
Il Tulipano Nero Ruud Gullit
21%
El Magnifico David Ginola
8%
El Bandido James Rodriguez
8%
Aucun quiz correspondant
Distribution des résultats
% des personnes avec chaque résultat
Percentile par nombre de réponses
Votre historique - résultats
Vous n’avez pas pris ce quiz